000 00352 a2200169 4500
001 171737
020 _a978-85-322-6253-0
040 _cMagnum
100 _aGaldino, Luiz
240 1 0 _aPerdi meu amor
_lpor
245 1 0 _aPerdi meu amor
300 _a27
362 0 _a2007
440 1 _aFTD
697 _aLITERATURA INFANTO-JUVENIL
942 _cBK
999 _c171737
_d171737